| 000 | 00639nam a2200229 i 4500 | ||
|---|---|---|---|
| 001 | 67358 | ||
| 003 | ES-MaACL | ||
| 005 | 20230906170042.0 | ||
| 007 | t| | ||
| 008 | 040520s2002 sp ||||0| spa d | ||
| 020 | _a84-8191-451-7 | ||
| 040 |
_aM-BN _bspa _cM-BN |
||
| 080 | _a821.134.2-32"19" | ||
| 100 | 1 |
_aDuque, Aquilino. _946145 |
|
| 245 | 1 | 0 |
_aMano en candela / _cAquilino Duque. |
| 260 |
_aValencia : _bPre-Textos, _c[2002] |
||
| 300 |
_a241 p. ; _c19 cm. |
||
| 490 | 1 |
_aPre-textos ; _v566. _aNarrativa |
|
| 830 | 0 |
_aPre-textos ; _v566. _aNarrativa _9179720 |
|
| 852 |
_aES-MaACL _jL-27619 _bR.133183 |
||
| 999 |
_c67358 _d67358 |
||